Top 100 Countries by GDP - Statistics

General Stats
  • This quiz has been taken 528 times
  • The average score is 84 of 100
Answer Stats
GDP Country % Correct
19.53 Trillion China
98%
4.92 Trillion Germany
98%
3.73 Trillion United Kingdom
98%
30.33 Trillion United States of America
98%
3.28 Trillion France
97%
4.38 Trillion Japan
97%
2.3 Trillion Brazil
96%
4.27 Trillion India
96%
2.45 Trillion Italy
96%
638.7 Billion Sweden
96%
2.33 Trillion Canada
95%
2.19 Trillion Russia
95%
1.82 Trillion Spain
95%
1.88 Trillion Australia
94%
1.94 Trillion South Korea
94%
604.2 Billion Argentina
93%
319.9 Billion Finland
93%
1.81 Trillion Mexico
93%
503.4 Billion Norway
93%
1.45 Trillion Turkey
93%
362.2 Billion Chile
92%
478.1 Billion Iran
92%
1.27 Trillion Netherlands
92%
915.4 Billion Poland
92%
418 Billion South Africa
92%
999.6 Billion Switzerland
92%
689.3 Billion Belgium
91%
345.8 Billion Egypt
91%
1.49 Trillion Indonesia
91%
319.9 Billion Portugal
91%
1.13 Trillion Saudi Arabia
91%
419.3 Billion Colombia
90%
432.2 Billion Denmark
90%
265.1 Billion Greece
90%
393.1 Billion Pakistan
90%
568.5 Billion United Arab Emirates
90%
587.2 Billion Ireland
89%
559.2 Billion Austria
88%
262.9 Billion New Zealand
88%
199.7 Billion Nigeria
88%
406.2 Billion Romania
88%
545.3 Billion Thailand
88%
550.9 Billion Israel
87%
189.8 Billion Ukraine
87%
506.6 Billion Vietnam
87%
270.8 Billion Iraq
86%
306.6 Billion Kazakhstan
86%
168.5 Billion Morocco
86%
294.8 Billion Peru
86%
264.2 Billion Algeria
85%
96 Billion Croatia
85%
152.4 Billion Slovakia
85%
109.9 Billion Venezuela
85%
82.5 Billion Serbia
84%
814.3 Billion Taiwan
84%
115.5 Billion Bulgaria
83%
360.2 Billion Czech Republic
83%
312.6 Billion Hungary
83%
111.3 Billion Oman
83%
73.1 Billion Slovenia
83%
73.1 Billion Belarus
82%
82.6 Billion Uruguay
82%
125.6 Billion Ecuador
81%
43 Billion Estonia
81%
45.5 Billion Latvia
81%
82.7 Billion Lithuania
81%
488.2 Billion Malaysia
81%
240.2 Billion Qatar
81%
561.7 Billion Singapore
81%
238.8 Billion Ethiopia
80%
96.9 Billion Luxembourg
80%
507.6 Billion Philippines
79%
481.8 Billion Bangladesh
78%
48.1 Billion Bolivia
78%
135.5 Billion Dominican Republic
78%
127.4 Billion Uzbekistan
78%
116.6 Billion Kenya
77%
91.7 Billion Panama
77%
44.9 Billion Paraguay
76%
79.8 Billion Tanzania
76%
44.8 Billion Libya
75%
52.6 Billion Tunisia
74%
72.4 Billion Democratic Republic of Congo
73%
120.9 Billion Guatemala
73%
64.2 Billion Myanmar
73%
100.6 Billion Costa Rica
72%
75.3 Billion Ghana
72%
118.4 Billion Angola
71%
47.8 Billion Bahrain
71%
51.1 Billion Cambodia
71%
161.9 Billion Kuwait
71%
43.6 Billion Nepal
70%
75.6 Billion Azerbaijan
69%
53.3 Billion Jordan
69%
83.8 Billion Turkmenistan
69%
36.7 Billion Honduras
67%
74.8 Billion Sri Lanka
65%
55.5 Billion Uganda
61%
53.3 Billion Cameroon
60%
86.9 Billion Ivory Coast
60%
No matching quizzes found
Score Distribution
Percent of People with Each Score
Percentile by Number Answered
Your Score History
You have not taken this quiz